| 000 | 00328 a2200133 4500 | ||
|---|---|---|---|
| 001 | 91317 | ||
| 082 | _aPR 1210 | ||
| 090 |
_c43426 _d43425 |
||
| 100 | _aAli Saeed; | ||
| 245 |
_aIndigenous Development of Smokey SAM _n44 "A" EC |
||
| 260 |
_aKarachi _bNED University _c1996 |
||
| 300 | _aviii'55p | ||
| 500 | _aBE Project Reports | ||
| 942 |
_aCAE NUST _kPR 1210 |
||
| 999 |
_c326390 _d326390 |
||